Rusia ante el Occidente (Record no. 25919)

MARC details
000 -LEADER
campo de control de longitud fija 01014nam a2200253 i 4500
001 - NÚMERO DE CONTROL
campo de control 25919
003 - IDENTIFICADOR DE NÚMERO DE CONTROL
campo de control ES-MaACL
005 - FECHA Y HORA DE LA ÚLTIMA TRANSACCIÓN
campo de control 20230915204613.0
007 - CAMPO FIJO DE DESCRIPCIÓN FÍSICA--INFORMACIÓN GENERAL
campo de control de longitud fija t|
008 - DATOS DE LONGITUD FIJA--INFORMACIÓN GENERAL
campo de control de longitud fija 030103s1882 sp ||||1| spa d
080 ## - NÚMERO DE LA CLASIFICACIÓN DECIMAL UNIVERSAL
Número de la Clasificación Decimal Universal 94(740)
080 ## - NÚMERO DE LA CLASIFICACIÓN DECIMAL UNIVERSAL
Número de la Clasificación Decimal Universal 17.037
100 1# - ENTRADA PRINCIPAL--NOMBRE DE PERSONA
Nombre de persona Arnau e Ibáñez, Joaquín.
9 (RLIN) 23057
245 10 - MENCIÓN DEL TÍTULO
Título Rusia ante el Occidente
Resto del título : estudio crítico del nihilismo /
Mención de responsabilidad, etc. por Joaquín Arnau e Ibáñez ; con un prólogo de José de Carvajal.
260 ## - PUBLICACIÓN, DISTRIBUCIÓN, ETC.
Lugar de publicación, distribución, etc. Madrid ;
-- Zaragoza :
Nombre del editor, distribuidor, etc. [s.n.],
Fecha de publicación, distribución, etc. 1882 (
Fabricante Imp. de El Demócrata) (Imp. de Calisto Ariño)
300 ## - DESCRIPCIÓN FÍSICA
Extensión XXXI, 457 p. ;
Dimensiones 20 cm.
596 ## - NOTA AL PIE DE IMPRENTA
NOTA AL PIE DE IMPRENTA En port. aparecen dos fechas de publicación: 1881 y 1882; en el prólogo aparece 1882.
650 #4 - PUNTO DE ACCESO ADICIONAL DE MATERIA--TÉRMINO DE MATERIA
Término de materia o nombre geográfico como elemento de entrada Nihilismo (Filosofía)
9 (RLIN) 15540
651 #4 - PUNTO DE ACCESO ADICIONAL DE MATERIA--NOMBRE GEOGRÁFICO
Nombre geográfico Rusia-
Subdivisión general Historia.
9 (RLIN) 9330
700 1# - ENTRADA AGREGADA--NOMBRE PERSONAL
Nombre de persona Carvajal y Hué, José de,
Fechas asociadas al nombre 1834-1899
9 (RLIN) 35945
852 4# - LOCALIZACIÓN
Ubicación ES-MaACL
Número de control de estantería G-7614
Nota libre - Legado Modesto Lafuente
852 4# - LOCALIZACIÓN
Ubicación ES-MaACL
Número de control de estantería C-1039
Nota libre - Dedicatoria autógrafa del autor
Holdings
Estatus retirado Estado de pérdida Estado de daño No para préstamo Colección Biblioteca de origen Biblioteca actual Ubicación en estantería Fecha de adquisición Fuente de adquisición Total de préstamos Signatura topográfica completa Código de barras Visto por última vez Precio de reemplazo Tipo de ítem Koha
        Libros del s. XIX Biblioteca del Ateneo de Madrid Biblioteca del Ateneo de Madrid Sala Palomar 17/01/2008     C-1039 1026740 23/02/2023 23/02/2023 Libro impreso antiguo
        Libros del s. XIX Biblioteca del Ateneo de Madrid Biblioteca del Ateneo de Madrid Sala Pecera Planta 3 17/01/2008     G-7614 1026739 23/02/2023 23/02/2023 Libro impreso antiguo